000 00720nmm a2200277 a 4500
003 AR-BaBNM
005 20251128204857.0
008 306019s1995 ||||||||||||||000 | spa||
040 _cAR-BaBNM
100 1 _aGodoy Rojo, Polo
245 1 0 _a50 años
246 1 _aCincuenta años
260 _aSan Luis
_bUniversitaria San Luis
_c1995
300 0 _a196 p.
_bil.
500 0 _aContiene prólogo del autor
500 0 _aCada obra presente en la antología reproduce la portada original
650 4 _aLITERATURA ARGENTINA
650 4 _aCUENTOS
650 4 _aPOESIA
650 4 _aTEATRO
650 4 _aLITERATURA FOLKLORICA
650 4 _aANTOLOGIAS
655 _aLITERATURA
942 _cBK
998 _cisola
999 _c9155
_d9155